Введение в высокотемпературную электрохимию. Материалы для самостоятельной работы (Запись № 12622101)

Подробности
000 -МАРКЕР
контрольное поле 02411nam0a2200349 4500
001 - ИДЕНТИФИКАТОР ЗАПИСИ
контрольное поле RU\NLR\BIBL_A\022059178
005 - ИДЕНТИФИКАТОР ВЕРСИИ
контрольное поле 20251118170302.0
010 ## - МЕЖДУНАРОДНЫЙ СТАНДАРТНЫЙ НОМЕР КНИГИ (ISBN)
Номер (ISBN) 978-5-7237-1509-7
Тираж 66
021 ## - НОМЕР ГОСУДАРСТВЕННОЙ РЕГИСТРАЦИИ
Код страны Российская Федерация
Номер КН-П-23-061397
Номер Листа государственной регистраци КН-П-23-6217
035 ## - ДРУГИЕ СИСТЕМНЫЕ НОМЕРА
Идентификатор записи (NLR Aleph) 022059178
035 ## - ДРУГИЕ СИСТЕМНЫЕ НОМЕРА
Идентификатор записи (RuMoRGB)012163575
100 ## - ДАННЫЕ ОБЩЕЙ ОБРАБОТКИ
Данные общей обработки 20231025d2021 u y0rusy50 ca
101 0# - ЯЗЫК РЕСУРСА
Язык текста, звукозаписи и т.д. русский
102 ## - СТРАНА ПУБЛИКАЦИИ ИЛИ ПРОИЗВОДСТВА
Страна публикации Российская Федерация
105 ## - ПОЛЕ КОДИРОВАННЫХ ДАННЫХ: ТЕКСТОВЫЕ МАТЕРИАЛЫ, МОНОГРАФИЧЕСКИЕ
Кодированные данные о монографическом текстовом документе a j 000yy
181 #0 - ПОЛЕ КОДИРОВАННЫХ ДАННЫХ: ВИД СОДЕРЖАНИЯ
Код вида содержания (ISBD) i3
Код характеристики содержания (ISBD) axxe
182 #0 - ПОЛЕ КОДИРОВАННЫХ ДАННЫХ: ТИП СРЕДСТВА
Код типа средства (ISBD) n - непосредственное
200 1# - ЗАГЛАВИЕ И СВЕДЕНИЯ ОБ ОТВЕТСТВЕННОСТИ
Основное заглавие Введение в высокотемпературную электрохимию. Материалы для самостоятельной работы
Сведения, относящиеся к заглавию учебное пособие
-- для студентов очной и заочной форм обучения в рамках профиля Технология электрохимических производств направления подготовки 18.03.01 - Химическая технология
Первые сведения об ответственности В. И. Журавлев, Ю. Н. Жиркова
Последующие сведения об ответственности Министерство науки и высшего образования Российской Федерации, ФГБОУ ВО "Российский химико-технологический университет имени Д. И. Менделеева", Новомосковский институт (филиал)
203 ## - ВИД СОДЕРЖАНИЯ И ТИП СРЕДСТВА
Вид содержания Текст
Дополнительные сведения об издании визуальный
Тип средства непосредственный
210 ## - ПУБЛИКАЦИЯ, РАСПРОСТРАНЕНИЕ И ДР.
Место издания, распространения и т.д. Новомосковск
Имя издателя, распространителя и т. д. Российский химико-технологический университет имени Д. И. Менделеева, Новомосковский институт (филиал), Издательский центр
Дата издания, распространения и т.д. 2021
215 ## - ФИЗИЧЕСКАЯ ХАРАКТЕРИСТИКА
Специфическое обозначение материала и объем 122 с.
Другие сведения о физической характеристике ил., табл.
Размеры 20
320 ## - ПРИМЕЧАНИЯ О НАЛИЧИИ В ДОКУМЕНТЕ БИБЛИОГРАФИИ / УКАЗАТЕЛЯ
Текст примечания Библиогр.: с. 121-122 (30 назв.)
606 1# - НАИМЕНОВАНИЕ ТЕМЫ КАК ПРЕДМЕТ
Наименование темы Ионные расплавы
Формальный подзаголовок Учебные издания для высших учебных заведений
Тематический подзаголовок Электрохимия
Системный номер авторитетной/нормативной записи 1235667
Идентификатор авторитетной/нормативной записи RU\NLR\AUTH\66504326
675 ## - УНИВЕРСАЛЬНАЯ ДЕСЯТИЧНАЯ КЛАССИФИКАЦИЯ (UDC/УДК)
Индекс 544.6(075.8)
Издание 4
686 1# - ИНДЕКСЫ ДРУГИХ КЛАССИФИКАЦИЙ
Индекс Г576.45я73-1
700 #1 - ИМЯ ЛИЦА - ПЕРВИЧНАЯ ОТВЕТСТВЕННОСТЬ
Графика поля Кириллица
Материалы, к которым относится поле rus
Начальный элемент ввода Журавлев
Часть имени, кроме начального элемента ввода В. И.
Дополнения к именам, кроме дат канд. хим. наук
Расширение инициалов личного имени Владимир Иванович
Системный номер авторитетной/нормативной записи 2686191
Идентификатор авторитетной/нормативной записи RU\NLR\AUTH\770286730
701 #1 - ИМЯ ЛИЦА - АЛЬТЕРНАТИВНАЯ ОТВЕТСТВЕННОСТЬ
Начальный элемент ввода Жиркова
Часть имени, кроме начального элемента ввода Ю. Н.
Расширение инициалов личного имени Юлия Николаевна
942 ## - ДОПОЛНИТЕЛЬНЫЕ ЭЛЕМЕНТЫ ЗАПИСИ (АБИС)
Тип экземпляра АБИС Книга
980 ## - КОЛЛЕКЦИЯ
Название коллекции Национальная библиография
Экземпляры
Тип экземпляра Дата поступления Источник поступления Библиотека постоянного хранения Библиотека текущего хранения Место хранения Шифр хранения Штрих-код Статус экземпляра
Книга 25.10.2023 Обязательный экземпляр РНБ (Московский) РНБ (Московский) Русский книжный фонд: издания с 1957 года 2023-3/22346 1-4409056  
Книга 25.10.2023 Обязательный экземпляр РНБ (Московский) РНБ (Московский) Русский книжный фонд: издания с 1957 года 2023-3/22346 1-4409055